000 00454nmm a2200169Ia 4500
008 251105s9999||||xx |||||||||||||||||und||
020 _a9788483593707
041 _aspa
100 _aÁvila Laurel, Juan Tomás
245 0 _aPanga Rilene
264 _a[Madrid, España] :
_bCalambur,
_c2016
300 _a206 páginas
490 _aNarrativa
650 _aOther narratives
856 _uhttps://public.digitaliapublishing.com/a/44828
942 _cCF
999 _c86204
_d86204